Регионална библиотека "Любен Каравелов" - Русе

Тайната рецепта на любовта (Запис номер 348883)

MARC детайли
000 -Лидер
Контролно поле с фиксирана дължина nam a22 a 4500
003 - Код на организацията, давaща контролен номер
Контролно поле BLK
005 - Дата и час на последна редакция
Контролно поле 20230224112015.0
008 - Елементи от данни с фиксирана дължина
fixed length control field 200305b bu ||||| |||| 00| 0 bu d
020 ## - Международен стандартен номер на книга ISBN
Международен стандартен номер на книга ISBN 9789542827993
040 ## - Източник на каталожния запис
Идентификатор на билиотеката - собственик на записа BLK
041 ## - Код за език
Код за езика на текст/звукозапис или на отделно заглавие Български
Код за езика КДБФ Български
080 ## - УДК
Текстов определител УДК Италианска литература
УДК код - определител по УДК 821.131.1
УДК определител -31
УДК - код + определител 821.131.1-31
100 ## - Редна дума - Автор
Автор Чебени, Валентина
Авторска отговорност първи автор
R(LIN) 1299
139 ## - Редно поле
Редна дума Чебени, Валентина
Авторски знак Че - Ч 49
240 ## - Унифицирано заглавие
Унифицирано заглавие La ricetta segreta per un sogno
245 ## - Сведения за заглавието
Заглавие Тайната рецепта на любовта
Редно поле (дума) Валентина Чебени ; прев. от итал. Росица Николова
260 ## - Област на издателските данни
9 (RLIN) 219755
Място на издаване, разпространение и проч. София
Име на издателя, разпространителя и проч. Сиела
Година на издаване 2019
Печатница "Алианс Принт" ЕООД
300 ## - Физическа характеристика
Страници 359 с.
Размери/Мащаб 22 см
380 ## - Жанр
Жанр Худож. лит.
700 ## - Други автори (авторска отговорност)
9 (RLIN) 1071
Лично име Николова, Росица
Автороска отговорност (Описва отношението между автора и произведението) прев. от итал.
999 ## - СИСТЕМНИ КОНТРОЛНИ НОМЕРА
Koha biblionumber 348883
Koha biblioitemnumber 348883
942 ## - АРТИКУЛИ
Вид на библиотечния материал Книги
Скрит в OPAC Не
Периодичен библиозапис Да
Koha issues (borrowed), all copies 17
944 ## - СЪЗДАВАНЕ И РЕДАКЦИЯ на ЗАПИСА
Създаване/Редакция Създаване
Дата на регистрацията/редакция 2020-03-05
Статус, дата на статуса 2020-03-05
999 ## - СИСТЕМНИ КОНТРОЛНИ НОМЕРА
Koha biblioitemnumber 348883
Наличности
Код за отписване Код за изгубен артикул Източник на класификационната схема Код за повреда Код за отдаване Артикулен № Име на библиотеката - собственик Име на библиотеката, в която се намира в момента Статус (Текущо местоположение) Дата на вписване в системата Местоположение - отдел Цена в лева Систематично азбучна сигнатура Баркод Цена в евро Служебен тип на артикула
  Не е изгубен Universal Decimal Classification Не е повреден заемане за дома 756317 Регионална библиотека "Любен Каравелов" Русе Регионална библиотека "Любен Каравелов" Русе Заемна - подръчен фонд 2020-03-10 Заемна - подръчен фонд 8.45 821/Ч 49 В 120000843150 4.32 Книги
  Не е изгубен Universal Decimal Classification Не е повреден заемане за дома 756318 Регионална библиотека "Любен Каравелов" Русе Регионална библиотека "Любен Каравелов" Русе Заемна - подръчен фонд 2020-03-10 Заемна - подръчен фонд 8.45 821/Ч 49 В 120000843151 4.32 Книги
Vip Innovations Ltd, Rousse, Bulgaria 2025